000
00280nam a22001217a 4500
082
_a
629.9 AUT'I
100
_a
ISERMAN, R
_9
64929
245
_a
AUTOMOTIVE CONTROL WORLD CONGRESS , VOLUME IX
250
_a
ENG
260
_a
OXFORD
_b
PERGAMON
_c
1988
300
_a
326P
942
_c
BK
999
_c
573283
_d
573283